000 00532nam a2200193Ia 4500
005 20250326142432.0
008 250326s9999 xx 000 0 und d
037 _aTextbook
040 _aFMSL
_beng
_cFMSL
041 _aeng
_2eng
084 _aX:51 M3
_qFMSL
100 _aKerin R A
_9741710
245 0 _aPerspectives on starategic marketing management.
_cKerin R A; Peterson R A
250 _a2
260 _a0
_b0, Allyn and Bacon
_c1983
300 _a496p
942 _cTB
_hX:51 M3
999 _c1295012
_d1295012